UM Logo

Waste disposal and perception on health condition in Purok Duranta, Digos City/ (Record no. 2771)

MARC details
000 -LEADER
fixed length control field 00531nam a22001457a 4500
008 - FIXED-LENGTH DATA ELEMENTS--GENERAL INFORMATION
fixed length control field 160526b xxu||||| |||| 00| 0 eng d
082 ## - DEWEY DECIMAL CLASSIFICATION NUMBER
Edition number 2007
Classification number UT 0076
Item number C89
100 ## - MAIN ENTRY--PERSONAL NAME
9 (RLIN) 9176
Personal name Cubio, Jon Edward S.
245 ## - TITLE STATEMENT
Title Waste disposal and perception on health condition in Purok Duranta, Digos City/
Statement of responsibility, etc. Jon Edward S. Cubio and Marjerie P. Jabilles.
260 ## - PUBLICATION, DISTRIBUTION, ETC. (IMPRINT)
Place of publication, distribution, etc. Digos City:
Name of publisher, distributor, etc. UMDC
Date of publication, distribution, etc. October 2007.
300 ## - PHYSICAL DESCRIPTION
Extent 42 pages;
Dimensions 28 cm.
650 #0 - SUBJECT ADDED ENTRY--TOPICAL TERM
9 (RLIN) 9173
Topical term or geographic name as entry element Nursing
General subdivision Undergraduate thesis.
700 ## - ADDED ENTRY--PERSONAL NAME
9 (RLIN) 9172
Personal name Jabilles, Marjerie P.
942 ## - ADDED ENTRY ELEMENTS (KOHA)
Source of classification or shelving scheme Dewey Decimal Classification
Koha item type Undergraduate Thesis
Holdings
Withdrawn status Lost status Source of classification or shelving scheme Damaged status Not for loan Collection code Home library Current library Date acquired Total Checkouts Full call number Barcode Date last seen Price effective from Koha item type
    Dewey Decimal Classification     Undergraduate Theses UM Digos College - LIC UM Digos College - LIC 05/26/2016   UT 0076 C89 2007 UT0076 05/26/2016 05/26/2016 Undergraduate Thesis